书目信息 |
| 书名: | Fundamentals of preparative organic chemistry | |
| 作者: | R. Keese, R.K. M鑥ller, and T.P. Toube ; illustrated by H. Br鑥hwiler. | |
| 分册号: | ||
| 分册名: | 出版地: | Chichester, West Sussex : |
|
| 出版社: | E. Horwood | |
| 出版时间: | 1982. | |
| 页数: | 149 p. : | |
| 开本: | 24 cm. | |
| 丛书名: | ||
| 中图分类号: | ||
| 科图分类号: | ||
| 其他分类号: | O621.3 | |
| 主题词: | ||
| 电子资源: | ||
| 000 | 01186pam 2200313 a 4504 | |
| 001 | E0759605361 | |
| 005 | 20070301163747.76 | |
| 008 | 030624s1982 enka b 001 0 eng | |
| 010 | @a82003045 | |
| 020 | @a0470275227 (Halsted : lib. bdg.). | |
| 035 | @a0349-98760 | |
| 040 | @aDLC@cDLC@dOUN | |
| 041 | 1 | @aeng@hger |
| 050 | 00 | @aQD257.7@b.K4313 1982 |
| 090 | @aP44/W160 | |
| 090 | @aO621.3 | |
| 099 | @dO621.3@ex6 | |
| 100 | 1 | @aKeese, Reinhart. |
| 240 | 10 | @aGrundoperationen der pr鑑parativen organischen Chemie.@lEnglish. |
| 245 | 10 | @aFundamentals of preparative organic chemistry / @cR. Keese, R.K. M鑥ller, and T.P. Toube ; illustrated by H. Br鑥hwiler. |
| 260 | @aChichester, West Sussex :@bE. Horwood ;@aNew York :@bHalsted Press,@c1982. | |
| 300 | @a149 p. :@bill. ;@c24 cm. | |
| 500 | @aTranslation of: Grundoperationen der pr鑑parativen organischen Chemie. | |
| 504 | @aIncludes bibliographical references and index. | |
| 650 | 0 | @aChemistry, Organic@xHandbooks, manuals, etc. |
| 700 | 1 | @aM鑥ller, Robert Karl. |
| 700 | 1 | @aToube, T. P.@q(Trevor Philip) |
| 740 | 0 | @aPreparative organic chemistry. |
| 920 | @a232010@z2 | |
| Fundamentals of preparative organic chemistry / / R. Keese, R.K. M鑥ller, and T.P. Toube ; illustrated by H. Br鑥hwiler.-Chichester, West Sussex : : E. Horwood ; ; New York : : Halsted Press, , 1982. |
| 149 p. : : ill. ; ; 24 cm. |
| Translation of: Grundoperationen der pr鑑parativen organischen Chemie.-Includes bibliographical references and index. |
| ISBN 0470275227 (Halsted : lib. bdg.). |
| ● |
| 相关链接 |
|
|
|
|
正题名:Fundamentals of preparative organic chemistry
索取号:O621.3/x6
 
预约/预借
| 序号 | 登录号 | 条形码 | 馆藏地/架位号 | 状态 | 备注 |
| 1 | 181914 | 000635361 | 第四借阅区/ [索取号:O621.3/x6] | 在馆 | |
| 2 | 181916 | 000635352 | 第四借阅区/ [索取号:O621.3/x6] | 在馆 | |
| 3 | 183304 | 000637323 | 第四借阅区/ [索取号:O621.3/x6] | 在馆 |